000 01026naa a22002657u 4500
001 07517
003 HDC
007 cr bn ---aaaaa
008 210128s1999 nyu eng
040 _aHDC
100 _aDYSSELER, P.,
_eauthor
_98052
245 0 _aComplex carbohydrates in foods :
_bDetermination of Inulin and Oligofructose in Food Products (Modified AOAC Dietary Fiber Method) /
_cby P. DYSSELER, D. HOFFEM, J. FOCKEDEY, B. QUEMENER, J.-F. THIBAULT and PAUL COUSSEMENT
260 _aNew York :
_bMarcel Dekker,
_c1999
300 _a15 pages
336 _atext
_2rdacontent
337 _acomputer
_2rdamedia
338 _aonline resource
_2rdacarrier
500 _aOriginal from book
650 _aFood
_xCarbohydrate content
_98032
650 _aFood
_xFiber content
_98033
856 _zRequest full-text at [email protected]
942 _2lcc
942 _cCHAP
942 _kEBCH 000644
999 _c4840
_d4840